[Event "Albena op"]
[Site "Albena"]
[Date "2017.06.18"]
[Round "2"]
[White "Ninov, Dayan"]
[Black "Dimov, Iskren"]
[Result "0-1"]
[WhiteElo "2230"]
[BlackElo "1734"]
[PlyCount "76"]
[EventDate "2017.06.17"]
[EventType "swiss"]
[EventRounds "9"]
[EventCountry "BUL"]
[SourceTitle "CBM 179 Extra"]
[Source "ChessBase"]
[SourceDate "2017.08.23"]
[SourceVersion "1"]
[SourceVersionDate "2017.08.23"]
[SourceQuality "1"]

1. Nf3 Nf6 2. c4 e6 3. g3 d5 4. Bg2 Be7 5. 0-0 0-0 6. d4 dxc4 7. Qc2 a6 8. a4 Bd7 9. Qxc4 Bc6 10. Bg5 a5 11. Nc3 Na6 12. Rfd1 Nb4 13. Rac1 Rc8 14. Bxf6 Bxf6 15. e4 b6 16. d5 exd5 17. exd5 Bd7 18. Nd4 Bxd4 19. Qxd4 Re8 20. b3 h6 21. Qf4 Qe7 22. Ne4 Qe5 23. Qxe5 Rxe5 24. d6 c5 25. f4 Ree8 26. Nd2 Bg4 27. Nc4 Bxd1 28. d7 Re1+ 29. Bf1 Rd8 30. Nxb6 Nd3 31. Rb1 Bc2 32. Rxe1 Nxe1 33. Kf2 Nd3+ 34. Ke3 Nb4 35. Bb5 Bxb3 36. Ke4 f6 37. Nc8 Be6 38. Nb6 g6 0-1

[Event "Sofia MGU op 164th"]
[Site "Sofia"]
[Date "2016.03.06"]
[Round "5"]
[White "Dimov, Iskren"]
[Black "Petrov, Stanislav"]
[Result "0-1"]
[WhiteElo "1697"]
[BlackElo "1754"]
[PlyCount "98"]
[EventDate "2016.03.05"]
[EventType "swiss"]
[EventRounds "6"]
[EventCountry "BUL"]
[SourceTitle "CBM 171 Extra"]
[Source "ChessBase"]
[SourceDate "2016.04.26"]
[SourceVersion "1"]
[SourceVersionDate "2016.04.26"]
[SourceQuality "1"]

1. d4 e6 2. c4 f5 3. Nc3 Nf6 4. Nf3 Bb4 5. Qb3 Bxc3+ 6. bxc3 0-0 7. Bg5 d6 8. g3 Nc6 9. Bg2 b6 10. Qc2 Bb7 11. Nd2 Qe8 12. Bxf6 Rxf6 13. 0-0 Rh6 14. Rfe1 Qh5 15. Nf1 Rf8 16. Bf3 Qf7 17. e3 Nxd4 18. exd4 Bxf3 19. Nd2 Bb7 20. Qd1 g5 21. Nf3 Qh5 22. d5 f4 23. g4 Qxg4+ 24. Kh1 Qf5 25. Rg1 Rg6 26. Nd4 Qf7 27. Nc6 Bxc6 28. dxc6 e5 29. Qd5 Kg7 30. f3 Qf5 31. Rg2 h6 32. Re1 h5 33. c5 bxc5 34. Rb2 g4 35. Rb7 Rf7 36. Rb8 gxf3 37. Qxf3 h4 38. Ra8 Qg4 39. Qxg4 Rxg4 40. Rxa7 f3 41. Rg1 Rxg1+ 42. Kxg1 e4 43. Ra4 d5 44. Kf1 Rf6 45. Ra8 Rxc6 46. a4 d4 47. Rd8 Rd6 48. Rxd6 cxd6 49. cxd4 c4 0-1

[Event "Sofia MGU op 162nd"]
[Site "Sofia"]
[Date "2016.02.13"]
[Round "3"]
[White "Dimov, Iskren"]
[Black "Ivanov, Daniel"]
[Result "1-0"]
[WhiteElo "1697"]
[BlackElo "1817"]
[PlyCount "69"]
[EventDate "2016.02.13"]
[EventType "swiss"]
[EventRounds "6"]
[EventCountry "BUL"]
[SourceTitle "CBM 170 Extra"]
[Source "ChessBase"]
[SourceDate "2016.02.25"]
[SourceVersion "1"]
[SourceVersionDate "2016.02.25"]
[SourceQuality "1"]

1. d4 e6 2. c4 c6 3. Nc3 d5 4. cxd5 cxd5 5. Bf4 a6 6. e3 Qb6 7. a3 Bd7 8. Qd2 Nf6 9. Bd3 Nh5 10. Be5 Be7 11. Nf3 Nf6 12. 0-0 Bc6 13. Bxf6 Bxf6 14. Ne5 Bxe5 15. dxe5 Nd7 16. f4 d4 17. Ne4 Bxe4 18. Bxe4 dxe3 19. Qe2 f5 20. exf6 Nxf6 21. Bf3 0-0 22. Rae1 Rae8 23. Qxe3 Qxb2 24. Rb1 Qc2 25. Rxb7 Qf5 26. Qa7 Qg6 27. Qxa6 e5 28. fxe5 Rxe5 29. Qd6 Rfe8 30. Rb8 Qg5 31. Rxe8+ Rxe8 32. Qd4 Qa5 33. Qb4 Qe5 34. h3 Rb8 35. Qc4+ 1-0

[Event "Sofia MGU op 162nd"]
[Site "Sofia"]
[Date "2016.02.13"]
[Round "2"]
[White "Gelemerov, Yane"]
[Black "Dimov, Iskren"]
[Result "0-1"]
[WhiteElo "2046"]
[BlackElo "1697"]
[PlyCount "24"]
[EventDate "2016.02.13"]
[EventType "swiss"]
[EventRounds "6"]
[EventCountry "BUL"]
[SourceTitle "CBM 170 Extra"]
[Source "ChessBase"]
[SourceDate "2016.02.25"]
[SourceVersion "1"]
[SourceVersionDate "2016.02.25"]
[SourceQuality "1"]

1. e4 c5 2. Nc3 Nc6 3. f4 g6 4. Nf3 Bg7 5. Bb5 Nd4 6. 0-0 Nxb5 7. Nxb5 d5 8. exd5 a6 9. Nc3 Nf6 10. d3 Nxd5 11. Ne4 Qc7 12. Nh4 0-0 0-1